000 01477nam a2200277Ia 4500
999 _c54523
_d54523
001 21587
003 GE_BSU
005 20211203162254.0
008 181216s1966||||ge |||||||||||||| ||geo||
040 _cGE_BSU
041 _ageo
080 _a811.353.1'282 უ-30
100 _aუთურგაიძე, თედორე
_913173
245 _aქართული ენის მთის კილოთა ზოგი თავისებურება /
_cთედორე უთურგაიძე ; რედ. შ. გაფრინდაშვილი.
264 _aთბილისი :
_bმეცნიერება,
_c1966.
300 _a125 გვ. ;
_c22 სმ.
520 _a რეზიუმე რუსულ ენაზე
541 _h1ლ.18თ.
546 _aპარალელური სათაური რუსულ ენაზე
653 _aქართული ენა
653 _aქართული ენის დიალექტები
653 _aქართული ენის მთის კილოთა ზოგი თავისებურება
700 _aგაფრინდაშვილი, შ.
_eრედაქტორი
_97672
710 _aსაქართველოს სსრ მეცნიერებათა აკადემია
_eენათმეცნიერებათა ინტიტუტი
_913174
942 _cBK
_2udc